000 00505nab a2200145Ia 4500
003 ES-SlBCS
005 20210601133738.0
008 140529s2004 xxu||||| |||| 00| 0 por d
041 _apor
100 1 _aRodrígues, Margarita Victoria
_9209115
245 0 0 _aPara uma releitura do mestre Makarenko: notas de uma pedagogia concreta
_c Margarita Victoria Rodrígues
600 1 4 _aMakarenko, Anton
_9194896
773 0 _tEducaçao e Filosofia
_gvol. 18, nº. 35-36, 2004, págs. 311-330
_wRev1534
942 _cAR
999 _c601445
_d601445